Statistics for Name a Crop A-Z

Click here to take the quiz!

General Stats

  • This quiz has been taken 30 times
  • The average score is 11 of 14

Answer Stats

Letter Crop % Correct
PPalm oil fruit | Peach | Pear | Pineapple | +3
92%
MMaize | Mango | Melon | Millet
92%
CCabbage | Canola | Carrot | Cassava | +5
88%
GGarlic | Grape | Green bean
88%
OOat | Olive | Onion | Orange
88%
WWatermelon | Wheat
88%
AApple
85%
BBanana | Barley
85%
SSorghum | Soybean | Spinach | Sugar beet | +3
85%
TTangerine | Tomato
69%
RRice
65%
LLettuce
58%
YYam
58%
EEggplant
38%

Score Distribution

Percentile by Number Answered

Percent of People with Each Score

Your Score History

You have not taken this quiz